Pemburuan zedi
| Main Author: | |
|---|---|
| Format: | Book |
| Published: |
Kuala Lumpur :
Makruf publisher & distributors sdn.bhd ,
2001
|
| Subjects: |
MARC
| LEADER | 00000cam a2200000 7i4500 | ||
|---|---|---|---|
| 001 | 0000074868 | ||
| 005 | 20170810.0 | ||
| 008 | 170810 | ||
| 020 | |a 9839041517 | ||
| 090 | 0 | 0 | |a HAN |b MAL |
| 100 | 0 | |a Haniza Hashim | |
| 245 | 1 | 0 | |a Pemburuan zedi |c Haniza Hashim |
| 260 | |a Kuala Lumpur : |b Makruf publisher & distributors sdn.bhd , |c 2001 | ||
| 650 | 0 | |a Malay fiction | |
| 650 | 0 | |a Science storie | |
| 999 | |a 0000003872 |b Book |c Teenagers |e Cawangan Taman Universiti | ||